00606nam a2200169 a 450000100100000000500170001000800410002704000250006808200200009310000250011324500790013825000110021726000370022830000360026595201180030199900170041900003643920200930075730.0120117s1911 enkac 000 0 spa d aDO-SdBNPbspacBNPHU axxxbY68c, 19111 aYoung, Filson96265710aChristophér Columbus and the new world of his discovery /cFilson Young. a3a ed. aLondon :bGrant Richards,c1911. a450 p. :bil., retrs. ;c21 cm. 001050718MOaGRbGRcCTd2012-01-17iLF1l0oxxx Y68c, 1911p36440-10r2020-06-25w2020-06-25y1ZNo se presta c35930d35930